000 01795cam a2200397 a 4500
001 14341109
003 NUST
005 20220806154804.0
008 060414s2007 nyuab b 001 0 eng
010 _a 2006045017
020 _a9781402738746 (pbk. : alk. paper)
020 _a1402738749 (pbk. : alk. paper)
035 _a(OCoLC)ocm67384201
035 _a(OCoLC)67384201
037 _a1268127
_bQBI
038 _aAzhar
040 _aDLC
_cDLC
_dQBX
_dBTCTA
_dBAKER
_dYDXCP
_dDLC
043 _an------
050 0 0 _aQL681
_b.B75 2007
082 0 0 _a598.097
_222
_bBRI
100 1 _aBrinkley, Edward S.
_996587
245 1 0 _aField guide to birds of North America
_cwritten by Edward S. Brinkley ; foreword by Craig Tufts ; photographs supplied by VIREO, the Academy of Natural Sciences.
246 3 _aNational Wildlife Federation field guide to birds of North America
246 3 0 _aBirds of North America
260 _aNew York :
_bSterling Pub. Co.,
_cc2007.
300 _a527 p. :
_bcol. ill., col. maps ;
_c20 cm.
500 _aAt head of title: National Wildlife Federation.
504 _aIncludes bibliographical references (p. 508-509) and indexes.
650 0 _aBirds
_zNorth America
_vIdentification.
_996588
710 2 _aNational Wildlife Federation.
_97925
856 4 2 _3Publisher description
_uhttp://www.loc.gov/catdir/enhancements/fy0708/2006045017-d.html
856 4 2 _3Contributor biographical information
_uhttp://www.loc.gov/catdir/enhancements/fy0714/2006045017-b.html
906 _a7
_bcbc
_corignew
_d1
_eocip
_f20
_gy-gencatlg
942 _2ddc
_cLC
999 _c590792
_d590792